Desserts - Statistics

General Stats
  • This quiz has been taken 357 times
  • The average score is 6 of 15
Answer Stats
Picture Answer % Correct
brownie
93%
tiramisu
85%
cheesecake
78%
creme brulee
69%
pancake
67%
banana split
48%
sorbet
44%
apple pie
42%
fudge
24%
swiss roll
22%
strawberry tart
21%
Victoria Sponge
9%
sweets
8%
lemon cake
7%
shortbread
7%
No matching quizzes found
Score Distribution
Percent of People with Each Score
Percentile by Number Answered
Your Score History
You have not taken this quiz